000
00251nam a2200097Ia 4500
001
900685
005
20250826184819.0
008
250824s9999 xx 000 0 und d
245
0
_a
FURKAN ALLAHA EMANET OL
_c
KAHRAMAN TAZEOĞLU
260
_b
DESTEK YAYINLARI
999
_c
900685
_d
900685